000 01468nam a22004217a 4500
003 CHAP
005 20220329135600.0
008 971013s1992 r 00010 d
010 _a38831
011 _a39803
035 _a43928
040 _cCHAP
090 _aTesis
100 0 0 _aPrieto Molina, Enrique.
_991614
245 _aVariación morfológica en conos y semillas de 13 poblaciones naturales de Picea (Pinaceae) en México
260 _aChapingo, Méx. :
_bEl autor,
_c1992
300 _a73 h.
_b: ilus.
502 _aTesis (Ing. Agr. Esp. en Bosques) -- UACH. División de Ciencias Forestales
590 _aALEPH
_b10
_c20130110
_lUCH01
_h1305
590 _aBATCH-UPD
_b10
_c20130109
_lUCH01
_h2326
590 _aBATCH-UPD
_b10
_c20130110
_lUCH01
_h0205
590 _aBATCH-UPD
_b10
_c20130110
_lUCH01
_h1110
590 _aBATCH-UPD
_b10
_c20130409
_lUCH01
_h1850
590 _aBATCH-UPD
_b10
_c20130409
_lUCH01
_h2217
590 _aBATCH-UPD
_b10
_c20130410
_lUCH01
_h1141
590 _aBATCH-UPD
_b10
_c20130914
_lUCH01
_h1034
590 _aCONVERSION
_b10
_c20130109
_lUCH01
_h1322
650 1 4 _aConos.
_927252
650 1 4 _aPicea.
_987954
650 1 4 _aPináceas
_xChihuahua.
_988221
650 1 4 _aPináceas
_xSemilla.
_988264
650 1 4 _aPináceas
_zDurango.
_988273
650 1 4 _aSemillas forestales.
_9103935
901 _aBK
942 _cFOLL
949 _bBC
_cTES
_d-100552
_eTS1
_h27424
_i43928
_si
949 _bBC
_cTES
_d-100553
_eTS2
_fc.2
_h27425
_i43928
_si
999 _c38831
_d38831